3 Largest Cities By Country - South America - Statistics

General Stats
  • This quiz has been taken 37 times
  • The average score is 22 of 36
Answer Stats
City % Correct
Bogota
100%
Buenos Aires
100%
Caracas
100%
La Paz
100%
Lima
100%
Quito
100%
Asuncion
96%
Rio de Janeiro
96%
Santiago
96%
Sao Paulo
96%
Medellin
93%
Montevideo
93%
Brasilia
89%
Georgetown
89%
Paramaribo
89%
Cali
85%
Cordoba
81%
Guayaquil
74%
Maracaibo
74%
Santa Cruz
74%
Rosario
67%
Valparaiso
63%
Valencia
59%
Arequipa
52%
Trujillo
33%
Ciudad del Este
30%
Ciudad de la Costa
26%
Concepcion
19%
El Alto
19%
New Amsterdam
15%
Salto
11%
Cuenca
7%
Linden
7%
Lelydrop
4%
Nieuw Nickerie
0%
San Lorenzo
0%
No matching quizzes found
Score Distribution
Percent of People with Each Score
Percentile by Number Answered
Your Score History
You have not taken this quiz